Yüklüyor......

Research highlights skuast-j 2004-08

Detaylı Bibliyografya
Yazar: Skuast-j
Materyal Türü: Report
Baskı/Yayın Bilgisi: Directorate of research sher-e-kashmir University of agricultural sciences and technology of jammu(j&k)
LEADER 00525nam a22001457a 4500
003 OSt
082 |a SKUAST/RH/2004-08 
100 |a Skuast-j 
245 |a Research highlights skuast-j 2004-08 
260 |a Directorate of research sher-e-kashmir  |b University of agricultural sciences and technology of jammu(j&k) 
300 |a 106 
546 |a English 
942 |2 ddc  |c REP 
999 |c 155079  |d 155079 
952 |0 0  |1 0  |2 ddc  |4 0  |6 SKUASTRH_200408  |7 1  |9 154154  |a KAUCLV  |b KAUCLV  |c REPORTS  |d 2017-04-07  |o SKUAST/RH/2004-08  |p 808722  |r 2017-04-07  |w 2017-04-07  |y REP